[Event "Toronto ch"]
[Site "Toronto CAN"]
[Date "2001.01.15"]
[Round "2"]
[White "Berengolts, Isai"]
[Black "Bergeron, Florian"]
[Result "1-0"]
[WhiteElo "2231"]
[BlackElo "2021"]
[PlyCount "69"]
[GameId "2160767911618764"]
[EventDate "2001.01.10"]
[EventType "tourn"]
[EventRounds "11"]
[EventCountry "CAN"]
[SourceTitle "EXT 2003"]
[Source "ChessBase"]
[SourceDate "2002.11.25"]
[SourceVersion "1"]
[SourceVersionDate "2002.11.25"]
[SourceQuality "1"]

1. e4 Nf6 2. Nc3 d5 3. exd5 Nxd5 4. Bc4 Nxc3 5. Qf3 e6 6. dxc3 Nc6 7. Qg3 Qd6 8. Bf4 e5 9. Bg5 Bf5 10. Rd1 Qg6 11. Nf3 f6 12. Nh4 Qxg5 13. Qxg5 fxg5 14. Nxf5 g6 15. Ng3 Be7 16. Bb5 Rd8 17. Rxd8+ Bxd8 18. Ke2 a6 19. Bxc6+ bxc6 20. Ne4 Be7 21. Rd1 Rf8 22. g4 h5 23. h3 hxg4 24. hxg4 Rh8 25. c4 Rh3 26. c5 Rh4 27. Kf3 Rh8 28. Kg2 Rh7 29. Rd3 Rh8 30. Ra3 Kd7 31. Rxa6 Rb8 32. b3 Rb5 33. Ra8 Rb4 34. Kf3 Rd4 35. a4 1-0

[Event "Toronto ch"]
[Site "Toronto CAN"]
[Date "2001.01.15"]
[Round "2"]
[White "Bryskine, Marina"]
[Black "Mitrovic, Bojana"]
[Result "0-1"]
[WhiteElo "2118"]
[BlackElo "2098"]
[PlyCount "68"]
[GameId "2160767911618765"]
[EventDate "2001.01.10"]
[EventType "tourn"]
[EventRounds "11"]
[EventCountry "CAN"]
[SourceTitle "EXT 2003"]
[Source "ChessBase"]
[SourceDate "2002.11.25"]
[SourceVersion "1"]
[SourceVersionDate "2002.11.25"]
[SourceQuality "1"]

1. e4 g6 2. d4 Bg7 3. Nc3 c6 4. Be2 d5 5. exd5 cxd5 6. Bf4 a6 7. a4 Nc6 8. Nf3 Bf5 9. O-O Nf6 10. Nh4 Be6 11. Be3 Ne4 12. Nxe4 dxe4 13. c3 f5 14. Qd2 Na5 15. Bd1 Nc4 16. Qe1 Nxe3 17. Qxe3 Bc4 18. Re1 e5 19. g3 exd4 20. cxd4 Qxd4 21. Nxf5 gxf5 22. Bh5+ Bf7 23. Bxf7+ Kxf7 24. Qb3+ Kg6 25. Rad1 Qf6 26. Rd7 Rad8 27. Rxb7 Rd3 28. Qc4 Rhd8 29. g4 Rd1 30. gxf5+ Qxf5 31. Qxa6+ Bf6 32. Qe2 Rxe1+ 33. Qxe1 Qg4+ 34. Kf1 Rd1 0-1

[Event "Toronto ch"]
[Site "Toronto CAN"]
[Date "2001.01.15"]
[Round "2"]
[White "Rakhinshteyn, Fima"]
[Black "Perovic, Bozidar"]
[Result "0-1"]
[WhiteElo "2262"]
[BlackElo "2033"]
[PlyCount "56"]
[GameId "2160767911618766"]
[EventDate "2001.01.10"]
[EventType "tourn"]
[EventRounds "11"]
[EventCountry "CAN"]
[SourceTitle "EXT 2003"]
[Source "ChessBase"]
[SourceDate "2002.11.25"]
[SourceVersion "1"]
[SourceVersionDate "2002.11.25"]
[SourceQuality "1"]

1. c4 e6 2. d4 d5 3. g3 Nf6 4. Bg2 c6 5. Nf3 Nbd7 6. Nbd2 Bd6 7. O-O O-O 8. Qc2 h6 9. b3 e5 10. dxe5 Nxe5 11. Bb2 Qe7 12. cxd5 Nxd5 13. Nd4 f5 14. e4 Nb4 15. Qb1 f4 16. N2f3 Nbd3 17. Nxe5 Nxe5 18. f3 Bc5 19. gxf4 Rxf4 20. Kh1 Rh4 21. Qc2 Bb6 22. Rad1 Qc7 23. f4 Ng4 24. Qc4+ Kh8 25. Nf3 Qxf4 26. Be5 Qxe5 27. h3 Qg3 28. Qf7 Rxh3+ 0-1

[Event "Toronto ch"]
[Site "Toronto CAN"]
[Date "2001.01.17"]
[Round "3"]
[White "Campbell, Brett"]
[Black "Bryskine, Marina"]
[Result "1-0"]
[WhiteElo "2240"]
[BlackElo "2118"]
[PlyCount "87"]
[GameId "2160767911618767"]
[EventDate "2001.01.10"]
[EventType "tourn"]
[EventRounds "11"]
[EventCountry "CAN"]
[SourceTitle "EXT 2003"]
[Source "ChessBase"]
[SourceDate "2002.11.25"]
[SourceVersion "1"]
[SourceVersionDate "2002.11.25"]
[SourceQuality "1"]

1. Nf3 d5 2. g3 Nf6 3. Bg2 c6 4. O-O e6 5. d3 Bd6 6. Nc3 e5 7. e4 d4 8. Ne2 O-O 9. Ne1 c5 10. f4 exf4 11. gxf4 Bc7 12. c4 Bg4 13. e5 Nh5 14. Bxb7 Nd7 15. Bxa8 Qxa8 16. Ng2 Bxe5 17. fxe5 Nxe5 18. Ne1 Bh3 19. Rf2 Ng4 20. Rf3 Ne3 21. Bxe3 Bg4 22. Bd2 Bxf3 23. Nxf3 Qxf3 24. Nf4 Qxd1+ 25. Rxd1 Nf6 26. Re1 g5 27. Nh3 h6 28. Re5 Rc8 29. Nf2 Kf8 30. b4 cxb4 31. Bxb4+ Kg7 32. Ra5 Nd7 33. Rd5 Rc7 34. Ne4 Rb7 35. a3 Nb8 36. Rb5 Rxb5 37. cxb5 Nd7 38. a4 f5 39. Nc5 Ne5 40. a5 Kf6 41. b6 axb6 42. axb6 Nc6 43. b7 Nb8 44. Ba5 1-0

[Event "Toronto ch"]
[Site "Toronto CAN"]
[Date "2001.01.17"]
[Round "3"]
[White "Mitrovic, Bojana"]
[Black "Verma, Tony"]
[Result "1-0"]
[WhiteElo "2098"]
[BlackElo "2023"]
[PlyCount "74"]
[GameId "2160767911618768"]
[EventDate "2001.01.10"]
[EventType "tourn"]
[EventRounds "11"]
[EventCountry "CAN"]
[SourceTitle "EXT 2003"]
[Source "ChessBase"]
[SourceDate "2002.11.25"]
[SourceVersion "1"]
[SourceVersionDate "2002.11.25"]
[SourceQuality "1"]

1. Nf3 d5 2. g3 g6 3. d4 Bg7 4. Bg2 Nf6 5. O-O O-O 6. c4 c6 7. Nbd2 Nbd7 8. Qc2 Re8 9. e4 dxe4 10. Nxe4 Nxe4 11. Qxe4 Nb6 12. b3 Bf5 13. Qe3 Qd7 14. Re1 Rad8 15. Bb2 c5 16. Rad1 Bg4 17. Rd2 Bxf3 18. Qxf3 cxd4 19. Qxb7 Qxb7 20. Bxb7 e5 21. c5 Nd5 22. c6 Nc7 23. Ba3 Bh6 24. Rdd1 Rd5 25. Bb2 d3 26. f4 f6 27. Re3 Red8 28. Re4 Ra5 29. a4 Bf8 30. fxe5 f5 31. Rc4 Bg7 32. Bd4 Bxe5 33. Rxd3 Bg7 34. Bb6 Rxd3 35. Bxa5 Ne6 36. c7 Nxc7 37. Rxc7 Rxb3 1-0

[Event "Toronto ch"]
[Site "Toronto CAN"]
[Date "2001.01.17"]
[Round "3"]
[White "Perovic, Bozidar"]
[Black "Bergeron, Florian"]
[Result "1-0"]
[WhiteElo "2033"]
[BlackElo "2021"]
[PlyCount "45"]
[GameId "2160767911618769"]
[EventDate "2001.01.10"]
[EventType "tourn"]
[EventRounds "11"]
[EventCountry "CAN"]
[SourceTitle "EXT 2003"]
[Source "ChessBase"]
[SourceDate "2002.11.25"]
[SourceVersion "1"]
[SourceVersionDate "2002.11.25"]
[SourceQuality "1"]

1. d4 Nf6 2. c3 d5 3. Nf3 Nbd7 4. Bg5 g6 5. Nbd2 Bg7 6. e3 O-O 7. Bd3 Re8 8. Qc2 e5 9. dxe5 Nxe5 10. Nxe5 Rxe5 11. Nf3 Re8 12. O-O-O Bg4 13. h3 Bxf3 14. gxf3 c6 15. h4 Qa5 16. Bxf6 Bxf6 17. h5 b5 18. hxg6 hxg6 19. Bxg6 fxg6 20. Qxg6+ Bg7 21. Rh7 Qc7 22. Rg1 Re7 23. Rgh1 1-0

[Event "Toronto ch"]
[Site "Toronto CAN"]
[Date "2001.01.17"]
[Round "3"]
[White "Preisman, Henry"]
[Black "Dutton, Warren"]
[Result "1-0"]
[WhiteElo "2031"]
[BlackElo "2027"]
[PlyCount "97"]
[GameId "2160767911618770"]
[EventDate "2001.01.10"]
[EventType "tourn"]
[EventRounds "11"]
[EventCountry "CAN"]
[SourceTitle "EXT 2003"]
[Source "ChessBase"]
[SourceDate "2002.11.25"]
[SourceVersion "1"]
[SourceVersionDate "2002.11.25"]
[SourceQuality "1"]

1. e4 e5 2. d4 Nf6 3. dxe5 Nxe4 4. Nf3 d5 5. exd6 Bxd6 6. Bd3 Nc5 7. Bg5 f6 8. Qe2+ Kf8 9. Be3 Nxd3+ 10. Qxd3 Kf7 11. Nc3 g6 12. O-O-O Nc6 13. Ne4 Be6 14. Nxd6+ cxd6 15. Qxd6 Qa5 16. Qa3 Qf5 17. Qc5 Rac8 18. Qxf5 Bxf5 19. Rd2 Rhe8 20. Nd4 Nxd4 21. Bxd4 b6 22. c3 Rc6 23. Be3 b5 24. Rd4 a5 25. Kd2 b4 26. Rc1 bxc3+ 27. Rxc3 Rxc3 28. Kxc3 Be4 29. Ra4 Rc8+ 30. Kd4 Bxg2 31. Rxa5 h5 32. b4 Re8 33. Ra7+ Ke6 34. b5 Kf5 35. b6 Kg4 36. Rg7 g5 37. Kc4 Ra8 38. f4 Kf3 39. fxg5 Kxe3 40. Re7+ Kf2 41. gxf6 h4 42. f7 Rf8 43. Kc5 h3 44. b7 Bxb7 45. Rxb7 Kg1 46. Kd6 Rh8 47. Rb2 Rc8 48. Ke7 Rc7+ 49. Kf6 1-0

[Event "Toronto ch"]
[Site "Toronto CAN"]
[Date "2001.01.17"]
[Round "3"]
[White "Veltmann, Martin"]
[Black "Rakhinshteyn, Fima"]
[Result "0-1"]
[WhiteElo "2058"]
[BlackElo "2262"]
[PlyCount "68"]
[GameId "2160767911618771"]
[EventDate "2001.01.10"]
[EventType "tourn"]
[EventRounds "11"]
[EventCountry "CAN"]
[SourceTitle "EXT 2003"]
[Source "ChessBase"]
[SourceDate "2002.11.25"]
[SourceVersion "1"]
[SourceVersionDate "2002.11.25"]
[SourceQuality "1"]

1. c4 Nf6 2. Nc3 e6 3. Nf3 d5 4. d4 c6 5. Bf4 dxc4 6. a4 Nd5 7. Bxb8 Rxb8 8. e4 Nb6 9. a5 Nd7 10. Bxc4 Bb4 11. Qa4 Bxc3+ 12. bxc3 O-O 13. Qc2 e5 14. dxe5 Qe7 15. e6 fxe6 16. O-O Kh8 17. Nd4 e5 18. Nf5 Qc5 19. Be6 Nf6 20. Bxc8 Rbxc8 21. Kh1 Rcd8 22. f3 g6 23. Ng3 Rd7 24. a6 b5 25. Rfd1 Rfd8 26. Rxd7 Rxd7 27. Rd1 Qxc3 28. Qb1 Rxd1+ 29. Qxd1 Qd4 30. Qc1 c5 31. h4 b4 32. h5 b3 33. Qg5 Qd6 34. hxg6 hxg6 0-1

[Event "Toronto ch"]
[Site "Toronto CAN"]
[Date "2001.01.19"]
[Round "4"]
[White "Berengolts, Isai"]
[Black "Perovic, Bozidar"]
[Result "1-0"]
[WhiteElo "2231"]
[BlackElo "2023"]
[PlyCount "83"]
[GameId "2160767911618773"]
[EventDate "2001.01.10"]
[EventType "tourn"]
[EventRounds "11"]
[EventCountry "CAN"]

1. e4 b6 2. d4 Bb7 3. Nc3 Nf6 4. d5 c6 5. Bg5 Qc7 6. Nf3 h6 7. Bh4 e5 8. dxe6 dxe6 9. Bg3 Qd7 10. e5 Nd5 11. Ne4 Be7 12. Nd6+ Bxd6 13. exd6 f6 14. c4 Nb4 15. a3 N4a6 16. b4 O-O 17. Qc2 Qf7 18. Bd3 Rd8 19. Bg6 Qd7 20. c5 Qc8 21. Qc4 Nd7 22. Qxe6+ Kh8 23. O-O Nf8 24. Qxc8 Bxc8 25. Be4 Bd7 26. Bd3 Bc8 27. Nd4 Nb8 28. Be4 Bd7 29. Nb5 Na6 30. Nc7 Nxc7 31. dxc7 Re8 32. cxb6 axb6 33. Bf3 Rac8 34. a4 f5 35. Rfd1 g5 36. Bd6 Ng6 37. Rac1 Re6 38. Bxc6 Bxc6 39. Rxc6 Ne7 40. Rxb6 Re8 41. Bxe7 R6xe7 42. Rb8 1-0

[Event "Toronto ch"]
[Site "Toronto CAN"]
[Date "2001.01.19"]
[Round "4"]
[White "Bergeron, Florian"]
[Black "Veltmann, Martin"]
[Result "1/2-1/2"]
[WhiteElo "2021"]
[BlackElo "2058"]
[PlyCount "86"]
[GameId "2160767911618774"]
[EventDate "2001.01.10"]
[EventType "tourn"]
[EventRounds "11"]
[EventCountry "CAN"]
[SourceTitle "EXT 2003"]
[Source "ChessBase"]
[SourceDate "2002.11.25"]
[SourceVersion "1"]
[SourceVersionDate "2002.11.25"]
[SourceQuality "1"]

1. d4 Nf6 2. c4 g6 3. Nc3 Bg7 4. e4 O-O 5. f4 d6 6. Nf3 Na6 7. Be2 c5 8. d5 e6 9. O-O exd5 10. exd5 Nc7 11. Re1 a6 12. a4 Re8 13. Bf1 Rb8 14. Bd2 Bd7 15. Qb3 b5 16. axb5 axb5 17. cxb5 Rxe1 18. Rxe1 Nxb5 19. Nxb5 Bxb5 20. Bxb5 Qb6 21. Ra1 Ng4 22. Qc4 Qxb5 23. Qxb5 Rxb5 24. Ra8+ Bf8 25. h3 Nf6 26. f5 Nd7 27. fxg6 hxg6 28. Rd8 Nf6 29. Bh6 Nh7 30. Bxf8 Nxf8 31. Rxd6 Rxb2 32. Rc6 Rb1+ 33. Kf2 Rd1 34. Rxc5 Nd7 35. Ke2 Ra1 36. Rc7 Ra2+ 37. Nd2 Nf6 38. Rc8+ Kg7 39. Ke1 Nxd5 40. Rc5 Nf4 41. Rg5 f6 42. Rg4 Nd3+ 43. Ke2 Ne5 1/2-1/2

[Event "Toronto ch"]
[Site "Toronto CAN"]
[Date "2001.01.19"]
[Round "4"]
[White "Dutton, Warren"]
[Black "Mitrovic, Bojana"]
[Result "1-0"]
[WhiteElo "2027"]
[BlackElo "2098"]
[PlyCount "59"]
[GameId "2160767911618775"]
[EventDate "2001.01.10"]
[EventType "tourn"]
[EventRounds "11"]
[EventCountry "CAN"]
[SourceTitle "EXT 2003"]
[Source "ChessBase"]
[SourceDate "2002.11.25"]
[SourceVersion "1"]
[SourceVersionDate "2002.11.25"]
[SourceQuality "1"]

1. e4 g6 2. f4 Bg7 3. Nf3 c5 4. c3 Nc6 5. a4 d6 6. Bc4 Nf6 7. e5 dxe5 8. fxe5 Ng4 9. d4 cxd4 10. cxd4 Qb6 11. Nc3 O-O 12. h3 Nh6 13. O-O Nf5 14. Nd5 Qd8 15. g4 Be6 16. gxf5 Bxd5 17. Bxd5 Qxd5 18. b4 Rfd8 19. fxg6 hxg6 20. Bb2 Nxb4 21. Qd2 Nc6 22. Qf4 f6 23. Qh4 g5 24. Qh5 Qb3 25. Rf2 Nb4 26. Qg6 Nd3 27. Ra3 Qd1+ 28. Rf1 Qe2 29. Qxd3 Qxb2 30. Rb1 1-0

[Event "Toronto ch"]
[Site "Toronto CAN"]
[Date "2001.01.19"]
[Round "4"]
[White "Rakhinshteyn, Fima"]
[Black "Preisman, Henry"]
[Result "1-0"]
[WhiteElo "2080"]
[BlackElo "2051"]
[PlyCount "86"]
[GameId "2160767911618776"]
[EventDate "2001.01.10"]
[EventType "tourn"]
[EventRounds "11"]
[EventCountry "CAN"]
[SourceTitle "EXT 2003"]
[Source "ChessBase"]
[SourceDate "2002.11.25"]
[SourceVersion "1"]
[SourceVersionDate "2002.11.25"]
[SourceQuality "1"]

1. c4 Nf6 2. Nc3 e6 3. e4 d5 4. e5 Ne4 5. Nxe4 dxe4 6. Qg4 Nc6 7. Qxe4 Qd4 8. Qxd4 Nxd4 9. Bd3 Bc5 10. Ne2 Bd7 11. b4 Nxe2 12. bxc5 Nxc1 13. Rxc1 Bc6 14. Ke2 O-O-O 15. Ke3 Rd7 16. Be2 Rhd8 17. d3 Bxg2 18. Rhg1 Bh3 19. Rxg7 Bf5 20. Rc3 Bg6 21. Ra3 a6 22. c6 Rd4 23. cxb7+ Kxb7 24. Bf3+ Kb6 25. Be4 R4d7 26. Bxg6 hxg6 27. Rh7 Rd4 28. Rxf7 Rh4 29. Rf6 Rxh2 30. Rxe6+ Kc5 31. Rxg6 Rh5 32. f4 Rh3+ 33. Ke4 Rd4+ 34. Kf5 Rf3 35. Rg4 Rfxd3 36. Rxd3 Rxd3 37. Rg7 c6 38. e6 Kxc4 39. e7 Re3 40. Kf6 Re4 41. f5 c5 42. Rg8 Kc3 43. Re8 Kb4 1-0

[Event "Toronto ch"]
[Site "Toronto CAN"]
[Date "2001.01.19"]
[Round "4"]
[White "Verma, Tony"]
[Black "Campbell, Brett"]
[Result "0-1"]
[WhiteElo "2023"]
[BlackElo "2240"]
[PlyCount "84"]
[GameId "2160767911618777"]
[EventDate "2001.01.10"]
[EventType "tourn"]
[EventRounds "11"]
[EventCountry "CAN"]
[SourceTitle "EXT 2003"]
[Source "ChessBase"]
[SourceDate "2002.11.25"]
[SourceVersion "1"]
[SourceVersionDate "2002.11.25"]
[SourceQuality "1"]

1. d4 f5 2. c4 g6 3. Nc3 Nf6 4. b3 Bg7 5. Bb2 O-O 6. Nf3 d6 7. e3 c6 8. Be2 Qa5 9. O-O e5 10. d5 c5 11. Nb5 Ne4 12. Qe1 Qd8 13. Nd2 Nf6 14. Rb1 a6 15. Nc3 Re8 16. a3 e4 17. b4 Nbd7 18. Nb3 b6 19. Na4 g5 20. bxc5 bxc5 21. Na5 Qe7 22. Nc6 Qf8 23. Bxf6 Qxf6 24. Bh5 Rf8 25. h3 Kh8 26. f3 Qh6 27. g4 exf3 28. Rxf3 Ne5 29. Nxe5 Bxe5 30. Nb6 Rb8 31. Nxc8 Rbxc8 32. Qe2 f4 33. e4 Qf6 34. Qc2 Rb8 35. Kg2 Bd4 36. Rbb3 Qe5 37. Qb1 Rxb3 38. Rxb3 Bc3 39. Kf3 Qd4 40. Qc1 Qd3+ 41. Kg2 Qg3+ 42. Kf1 Qf3+ 0-1

[Event "Toronto ch"]
[Site "Toronto CAN"]
[Date "2001.01.21"]
[Round "4"]
[White "Bryskine, Marina"]
[Black "Miller, Evgeny"]
[Result "1-0"]
[WhiteElo "2118"]
[BlackElo "2083"]
[PlyCount "55"]
[GameId "2160767911618778"]
[EventDate "2001.01.10"]
[EventType "tourn"]
[EventRounds "11"]
[EventCountry "CAN"]
[SourceTitle "EXT 2003"]
[Source "ChessBase"]
[SourceDate "2002.11.25"]
[SourceVersion "1"]
[SourceVersionDate "2002.11.25"]
[SourceQuality "1"]

1. e4 c6 2. d4 d5 3. exd5 cxd5 4. Bd3 Nc6 5. c3 e5 6. dxe5 Nxe5 7. Bc2 Bc5 8. Qe2 Qe7 9. Bf4 Nc6 10. Qxe7+ Ngxe7 11. Nf3 d4 12. O-O Nd5 13. Re1+ Be6 14. cxd4 Nxd4 15. Nxd4 Bxd4 16. Ba4+ Kf8 17. Bd6+ Kg8 18. Ba3 a6 19. Nd2 b5 20. Bb3 a5 21. Nf3 Bf6 22. Rad1 Nf4 23. Bxe6 Nxe6 24. b3 b4 25. Bc1 Rc8 26. Rd5 Nf4 27. Bxf4 Bc3 28. Red1 1-0

[Event "Toronto ch"]
[Site "Toronto CAN"]
[Date "2001.01.22"]
[Round "5"]
[White "Bryskine, Marina"]
[Black "Berengolts, Isai"]
[Result "0-1"]
[WhiteElo "2118"]
[BlackElo "2231"]
[PlyCount "108"]
[GameId "2160767911618779"]
[EventDate "2001.01.10"]
[EventType "tourn"]
[EventRounds "11"]
[EventCountry "CAN"]
[SourceTitle "EXT 2003"]
[Source "ChessBase"]
[SourceDate "2002.11.25"]
[SourceVersion "1"]
[SourceVersionDate "2002.11.25"]
[SourceQuality "1"]

1. e4 d5 2. exd5 Nf6 3. Nc3 Nxd5 4. Bc4 Nxc3 5. bxc3 e6 6. Nf3 Bd6 7. d4 h6 8. O-O O-O 9. Bd3 Nd7 10. Re1 Nf6 11. Ne5 c5 12. Qf3 cxd4 13. cxd4 Bb4 14. Rd1 Bc3 15. Bh7+ Nxh7 16. Qxc3 f6 17. Ng6 Rf7 18. Ba3 Bd7 19. Qb4 Bc6 20. c4 Rd7 21. Qc3 Rc8 22. Qe3 Kf7 23. Nf4 e5 24. Nh5 Ba4 25. Rdb1 exd4 26. Qd3 Ng5 27. Nf4 Bc6 28. h4 Ne4 29. Re1 f5 30. Qh3 Qf6 31. f3 d3 32. fxe4 d2 33. Red1 Bxe4 34. Qb3 Qd4+ 35. Kh1 Qxc4 36. Qg3 g5 37. hxg5 hxg5 38. Qxg5 Rh8+ 39. Nh5 Qc3 40. Bb4 Qh3+ 41. Kg1 Qxh5 42. Qxh5+ Rxh5 43. Rxd2 Rxd2 44. Bxd2 Ke6 45. Rc1 Ke5 46. Be3 a6 47. a3 f4 48. Bb6 Rh7 49. Bc7+ Kf5 50. Rc5+ Kg4 51. Bd8 Bf5 52. Kf2 Rd7 53. Ba5 Rd1 54. Rc4 Bd3 0-1

[Event "Toronto ch"]
[Site "Toronto CAN"]
[Date "2001.01.22"]
[Round "5"]
[White "Campbell, Brett"]
[Black "Dutton, Warren"]
[Result "1-0"]
[WhiteElo "2240"]
[BlackElo "2027"]
[PlyCount "97"]
[GameId "2160767911618780"]
[EventDate "2001.01.10"]
[EventType "tourn"]
[EventRounds "11"]
[EventCountry "CAN"]
[SourceTitle "EXT 2003"]
[Source "ChessBase"]
[SourceDate "2002.11.25"]
[SourceVersion "1"]
[SourceVersionDate "2002.11.25"]
[SourceQuality "1"]

1. Nc3 b6 2. e4 Bb7 3. Nf3 c5 4. g3 g6 5. Bg2 Bg7 6. d4 cxd4 7. Nxd4 h5 8. h3 Nf6 9. O-O e5 10. Ndb5 O-O 11. Bg5 Kh7 12. Qd2 Nc6 13. f4 Qe7 14. Rf2 Qc5 15. Kh2 Ne8 16. f5 a6 17. Be3 Nd4 18. fxg6+ Kxg6 19. Na3 b5 20. Ne2 b4 21. Bxd4 exd4 22. Rf5 Qe7 23. Nf4+ Kh7 24. Nc4 h4 25. Rh5+ Kg8 26. Rxh4 Rc8 27. Qd3 d5 28. exd5 f5 29. d6 Qf7 30. d7 Qxd7 31. Nb6 Qc7 32. Qb3+ Rf7 33. Nxc8 Bxg2 34. Nxg2 Qxc8 35. Re1 Nd6 36. Rf4 a5 37. Qd5 Qf8 38. Nh4 Kh7 39. Re6 Ne8 40. Rxf5 Nf6 41. Qf3 a4 42. Qd3 Kg8 43. Ng6 Qd8 44. Ne5 Rf8 45. Qc4 Kh7 46. Nc6 Qc8 47. Kg2 Rf7 48. Rb5 Nd7 49. Rh5+ 1-0

[Event "Toronto ch"]
[Site "Toronto CAN"]
[Date "2001.01.22"]
[Round "5"]
[White "Miller, Evgeny"]
[Black "Verma, Tony"]
[Result "1-0"]
[WhiteElo "2083"]
[BlackElo "2023"]
[PlyCount "53"]
[GameId "2160767911618781"]
[EventDate "2001.01.10"]
[EventType "tourn"]
[EventRounds "11"]
[EventCountry "CAN"]
[SourceTitle "EXT 2003"]
[Source "ChessBase"]
[SourceDate "2002.11.25"]
[SourceVersion "1"]
[SourceVersionDate "2002.11.25"]
[SourceQuality "1"]

1. e4 c5 2. c3 d5 3. exd5 Qxd5 4. d4 cxd4 5. cxd4 Nc6 6. Be3 e6 7. Nc3 Bb4 8. Nf3 Nge7 9. Bd3 Qd8 10. O-O Nd5 11. Ne4 O-O 12. Rc1 Bd7 13. Bb1 f5 14. Nc5 Bxc5 15. dxc5 Nxe3 16. fxe3 Rc8 17. Qd6 Qe7 18. Rfd1 Rfd8 19. e4 Be8 20. Qxe7 Nxe7 21. Rxd8 Rxd8 22. Ng5 Bf7 23. exf5 exf5 24. Re1 Rd7 25. g4 Bg6 26. gxf5 Bxf5 27. Bxf5 1-0

[Event "Toronto ch"]
[Site "Toronto CAN"]
[Date "2001.01.22"]
[Round "5"]
[White "Mitrovic, Bojana"]
[Black "Rakhinshteyn, Fima"]
[Result "1/2-1/2"]
[WhiteElo "2098"]
[BlackElo "2262"]
[PlyCount "98"]
[GameId "2160767911618782"]
[EventDate "2001.01.10"]
[EventType "tourn"]
[EventRounds "11"]
[EventCountry "CAN"]
[SourceTitle "EXT 2003"]
[Source "ChessBase"]
[SourceDate "2002.11.25"]
[SourceVersion "1"]
[SourceVersionDate "2002.11.25"]
[SourceQuality "1"]

1. Nf3 d5 2. g3 c5 3. d4 Nc6 4. Bg2 Nf6 5. O-O e6 6. c4 dxc4 7. Ne5 Nxe5 8. dxe5 Qxd1 9. Rxd1 Nd7 10. f4 Be7 11. Na3 Nb6 12. Bd2 Rb8 13. Ba5 Nd5 14. Nxc4 b6 15. e4 Nxf4 16. gxf4 bxa5 17. Rd2 g5 18. Nxa5 gxf4 19. Nc6 Rb7 20. Rad1 Bd7 21. Nxe7 Kxe7 22. Kf2 Bc6 23. Kf3 Rd7 24. Rxd7+ Bxd7 25. Rc1 Rc8 26. Kxf4 Bb5 27. b4 c4 28. Bf1 a5 29. bxa5 Ra8 30. Ke3 Rxa5 31. Rc2 Ra4 32. Be2 h6 33. Kd4 Kf8 34. Kc5 Ba6 35. Bh5 c3 36. Kb6 Ra3 37. Rf2 Bc4 38. Rxf7+ Kg8 39. Rc7 Bxa2 40. Bd1 Bb1 41. Bg4 Bxe4 42. Bxe6+ Kh8 43. Bf7 c2 44. e6 Bd5 45. Rxc2 Re3 46. Rc8+ Kg7 47. Rg8+ Kf6 48. Rg6+ Ke7 49. Rxh6 Bxe6 1/2-1/2

[Event "Toronto ch"]
[Site "Toronto CAN"]
[Date "2001.01.22"]
[Round "5"]
[White "Preisman, Henry"]
[Black "Bergeron, Florian"]
[Result "0-1"]
[WhiteElo "2031"]
[BlackElo "2021"]
[PlyCount "120"]
[GameId "2160767911618783"]
[EventDate "2001.01.10"]
[EventType "tourn"]
[EventRounds "11"]
[EventCountry "CAN"]
[SourceTitle "EXT 2003"]
[Source "ChessBase"]
[SourceDate "2002.11.25"]
[SourceVersion "1"]
[SourceVersionDate "2002.11.25"]
[SourceQuality "1"]

1. e4 Nf6 2. e5 Nd5 3. d4 d6 4. Nf3 Bg4 5. Be2 e6 6. O-O Be7 7. c4 Nb6 8. Nc3 O-O 9. h3 Bf5 10. Be3 d5 11. c5 Nc8 12. Bd3 Bxd3 13. Qxd3 Nc6 14. Rfe1 a6 15. Rac1 Qd7 16. Ng5 Bxg5 17. Bxg5 N8e7 18. Ne2 Nf5 19. g4 h6 20. gxf5 hxg5 21. Ng3 exf5 22. Nxf5 g6 23. Nh6+ Kg7 24. Ng4 Rh8 25. Re3 Qf5 26. Nf6 Qxd3 27. Rxd3 Ne7 28. Kg2 Rh4 29. Rcc3 c6 30. Rb3 Nf5 31. Ng4 Rb8 32. Rb4 a5 33. Rbb3 Kf8 34. Ra3 b6 35. cxb6 Rxb6 36. Rxa5 Rxb2 37. Ra6 Rb4 38. Rxc6 Nxd4 39. Rd6 Ne6 40. Nf6 d4 41. Ra3 Kg7 42. Nd5 Nf4+ 43. Nxf4 Rxf4 44. Rb3 Ra4 45. a3 Re4 46. Rd5 Kf8 47. f3 Re2+ 48. Kg3 Rc4 49. e6 Rxe6 50. Rxg5 Rd6 51. Rd3 f5 52. Kf4 Rc3 53. Rd2 Rxa3 54. Ke5 Ke7 55. Rgg2 Rxf3 56. Rxd4 Re6+ 57. Kd5 Rxh3 58. Ra4 Rd3+ 59. Kc4 Rd7 60. Ra8 Kf7 0-1

[Event "Toronto ch"]
[Site "Toronto CAN"]
[Date "2001.01.22"]
[Round "5"]
[White "Veltmann, Martin"]
[Black "Perovic, Bozidar"]
[Result "0-1"]
[WhiteElo "2058"]
[BlackElo "2033"]
[PlyCount "76"]
[GameId "2160767911618784"]
[EventDate "2001.01.10"]
[EventType "tourn"]
[EventRounds "11"]
[EventCountry "CAN"]
[SourceTitle "EXT 2003"]
[Source "ChessBase"]
[SourceDate "2002.11.25"]
[SourceVersion "1"]
[SourceVersionDate "2002.11.25"]
[SourceQuality "1"]

1. c4 e6 2. Nc3 d5 3. d4 Nf6 4. Nf3 c6 5. Bf4 dxc4 6. e3 Bb4 7. Bxc4 Nd5 8. Qc2 Nxf4 9. exf4 Nd7 10. O-O-O Nb6 11. Bd3 Qf6 12. f5 Bxc3 13. bxc3 Bd7 14. Ne5 O-O-O 15. Rhe1 g6 16. Nxd7 Rxd7 17. fxe6 fxe6 18. g3 Rd5 19. Qe2 Re8 20. f4 Qe7 21. Qb2 Ra5 22. Re2 Qd6 23. Qb4 Qxb4 24. cxb4 Rd5 25. Bc2 Rb5 26. a3 a5 27. Re5 Rxe5 28. dxe5 axb4 29. axb4 Rd8 30. h4 Rxd1+ 31. Kxd1 Nd5 32. Bb3 Kd7 33. Bxd5 cxd5 34. g4 h5 35. gxh5 gxh5 36. Kd2 Ke7 37. Ke3 Kf7 38. Kd4 Kg6 0-1

[Event "Toronto ch"]
[Site "Toronto CAN"]
[Date "2001.01.24"]
[Round "6"]
[White "Berengolts, Isai"]
[Black "Veltmann, Martin"]
[Result "1-0"]
[WhiteElo "2231"]
[BlackElo "2058"]
[PlyCount "33"]
[GameId "2160767911618785"]
[EventDate "2001.01.10"]
[EventType "tourn"]
[EventRounds "11"]
[EventCountry "CAN"]
[SourceTitle "EXT 2003"]
[Source "ChessBase"]
[SourceDate "2002.11.25"]
[SourceVersion "1"]
[SourceVersionDate "2002.11.25"]
[SourceQuality "1"]

1. e4 c5 2. Nf3 d6 3. Nc3 Nf6 4. e5 Ng4 5. d4 cxd4 6. Qxd4 Nc6 7. Bb5 a6 8. Bxc6+ bxc6 9. O-O Nxe5 10. Nxe5 dxe5 11. Qxe5 Qd6 12. Qa5 Bd7 13. Rd1 Qe6 14. Bf4 g6 15. Na4 Qf5 16. Qc7 Rc8 17. Qxd7+ 1-0